Biggest Central American cities within 100 km, with a map. - Statistics

General Stats
  • This quiz has been taken 52 times
  • The average score is 9 of 18
Answers on the Map
Answers color-coded by a green-red scale on the quiz's map according to % correct below.
 
Answer Stats
Pop City % Correct
3.15 M Guatemala City
98%
1.54 M Panama City
98%
2.37 M San José
96%
1.90 M San Salvador
96%
1.32 M Managua
89%
65.1 k Belize City
84%
1.15 M Tegucigalpa
84%
1.21 M San Pedro Sula
53%
81.9 k David
36%
158 k San Miguel
31%
180 k Quetzaltenango
24%
199 k La Ceiba
22%
54.5 k Bluefields
20%
38.1 k Flores
20%
77.8 k Puerto Cabezas
16%
51.2 k Santiago de Veraguas
16%
20.1 k Puerto Lempira
9%
22.8 k Siuna
9%
No matching quizzes found
Score Distribution
Percent of People with Each Score
Percentile by Number Answered
Your Score History
You have not taken this quiz